000 002350000a22000970004500
100 1 _aFonseca, Nidia
245 1 0 _aEcumenismo hoy
300 _aVol. 18, Num 2 (Octubre, 1998), Páginas 70-77
773 0 _tVida y pensamiento
942 _cANA
999 _c53094
_d53094